[Event "CZE-chT2E 1718"]
[Site "Czech Republic"]
[Date "2017.12.03"]
[Round "4.3"]
[White "Cip, Dalibor"]
[Black "Hosek, Martin"]
[Result "1/2-1/2"]
[WhiteElo "2168"]
[BlackElo "2098"]
[PlyCount "62"]
[EventDate "2017.10.15"]
[EventType "team-tourn"]
[EventRounds "11"]
[EventCountry "CZE"]
[SourceTitle "EXT 2022"]
[Source "ChessBase"]
[SourceDate "2021.10.06"]
[SourceVersion "1"]
[SourceVersionDate "2021.10.06"]
[SourceQuality "1"]
[WhiteTeam "Brno VSK Univ"]
[BlackTeam "Jundrov Jezdci"]
[WhiteTeamCountry "CZE"]
[BlackTeamCountry "CZE"]

1. c4 Nf6 2. g3 g6 3. Bg2 Bg7 4. Nc3 0-0 5. Nf3 d5 6. cxd5 Nxd5 7. 0-0 Nxc3 8. bxc3 c5 9. Rb1 Qc7 10. Qa4 b6 11. Qh4 Bb7 12. d4 Nd7 13. Bh6 Bf6 14. Bg5 Rac8 15. e4 cxd4 16. cxd4 Qc2 17. e5 Bxf3 18. Bxf3 Bxg5 19. Qxg5 f6 20. Bd5+ Kg7 21. Qe3 fxe5 22. Rbc1 Qf5 23. Rxc8 Rxc8 24. Rd1 Nf6 25. Qxe5 Qxe5 26. dxe5 Nxd5 27. Rxd5 Rc7 28. Kg2 Kf7 29. a4 Rc4 30. a5 bxa5 31. Rxa5 Rd4 1/2-1/2

[Event "Calvia Amateur op 13th"]
[Site "Calvia"]
[Date "2016.10.16"]
[Round "9"]
[White "Navarrete Terrasa, Sebastian"]
[Black "Cip, Dalibor"]
[Result "0-1"]
[WhiteElo "2009"]
[BlackElo "2141"]
[PlyCount "78"]
[EventDate "2016.10.08"]
[EventType "swiss"]
[EventRounds "9"]
[EventCountry "ESP"]
[SourceTitle "CBM 175 Extra"]
[Source "ChessBase"]
[SourceDate "2016.12.12"]
[SourceVersion "1"]
[SourceVersionDate "2016.12.12"]
[SourceQuality "1"]

1. e4 c5 2. Nc3 d6 3. g3 g6 4. Bg2 Bg7 5. d3 Nc6 6. Be3 Rb8 7. Qd2 b5 8. Nf3 b4 9. Nd1 Nd4 10. 0-0 Qa5 11. Ne1 e5 12. h3 Ne7 13. Bh6 0-0 14. Bxg7 Kxg7 15. Ne3 Be6 16. f4 f6 17. Kh2 exf4 18. gxf4 Bg8 19. Nf3 Nxf3+ 20. Bxf3 Qc7 21. h4 Rfe8 22. Rg1 d5 23. Nf5+ Nxf5 24. exf5 Bf7 25. Kh1 Qd7 26. Bg4 d4 27. Rg3 Qd5+ 28. Kh2 Re7 29. fxg6 hxg6 30. Bf3 Qd7 31. Be4 f5 32. Bf3 Rh8 33. h5 Re3 34. Qg2 Qd6 35. Kg1 Qxf4 36. Rxg6+ Kf8 37. Rg3 Qe5 38. Kf2 c4 39. Bd1 Bd5 0-1

[Event "Calvia Amateur op 13th"]
[Site "Calvia"]
[Date "2016.10.09"]
[Round "2"]
[White "Cip, Dalibor"]
[Black "Melderis, Uldis"]
[Result "0-1"]
[WhiteElo "2141"]
[BlackElo "1969"]
[PlyCount "56"]
[EventDate "2016.10.08"]
[EventType "swiss"]
[EventRounds "9"]
[EventCountry "ESP"]
[SourceTitle "CBM 175 Extra"]
[Source "ChessBase"]
[SourceDate "2016.12.12"]
[SourceVersion "1"]
[SourceVersionDate "2016.12.12"]
[SourceQuality "1"]

1. Nf3 Nf6 2. c4 c5 3. Nc3 Nc6 4. g3 g6 5. Bg2 Bg7 6. d4 cxd4 7. Nxd4 0-0 8. 0-0 Nxd4 9. Qxd4 d6 10. Qd3 Nd7 11. Rd1 Ne5 12. Qe4 Bf5 13. Qxb7 Rb8 14. Qxa7 Nxc4 15. Bg5 Rxb2 16. Bxe7 Qb8 17. Qxb8 Rfxb8 18. Rac1 Bc2 19. Rxc2 Rxc2 20. Ne4 Rxa2 21. Nf6+ Bxf6 22. Bxf6 Rxe2 23. Bf1 Rd2 24. Re1 Ne5 25. Bg2 Nd3 26. Rf1 Re8 27. Bc3 Rc2 28. Ba5 Rc1 0-1

[Event "Stare Mesto op"]
[Site "Stare Mesto"]
[Date "2016.08.12"]
[Round "9"]
[White "Cip, Dalibor"]
[Black "Mudrak, Josef"]
[Result "0-1"]
[WhiteElo "2118"]
[BlackElo "2272"]
[PlyCount "78"]
[EventDate "2016.08.05"]
[EventType "swiss"]
[EventRounds "10"]
[EventCountry "CZE"]
[SourceTitle "CBM 173 Extra"]
[Source "ChessBase"]
[SourceDate "2016.08.29"]
[SourceVersion "1"]
[SourceVersionDate "2016.08.29"]
[SourceQuality "1"]

1. c4 Nf6 2. Nc3 d6 3. g3 e5 4. Bg2 Be7 5. Nf3 0-0 6. 0-0 c6 7. d4 e4 8. Ne1 d5 9. Nc2 h6 10. b3 Be6 11. Rb1 Qd7 12. c5 Na6 13. b4 Nc7 14. a4 Bh3 15. b5 Bxg2 16. Kxg2 Ne6 17. Be3 Nh7 18. Qd2 f5 19. f3 exf3+ 20. Rxf3 Rae8 21. Nb4 Bd8 22. Nd3 Neg5 23. Bxg5 Nxg5 24. Rff1 Ba5 25. Nb4 Rf6 26. bxc6 bxc6 27. Qd3 Ne4 28. Nxe4 Rxe4 29. e3 h5 30. Nc2 Qc8 31. Rb3 h4 32. Nb4 hxg3 33. hxg3 Rg6 34. Na6 Bc7 35. Nxc7 Qxc7 36. Rf3 Reg4 37. Qxf5 Rxg3+ 38. Rxg3 Qxg3+ 39. Kf1 Rf6 0-1

[Event "Stare Mesto op"]
[Site "Stare Mesto"]
[Date "2016.08.11"]
[Round "8"]
[White "Babula, Milan"]
[Black "Cip, Dalibor"]
[Result "1/2-1/2"]
[WhiteElo "2193"]
[BlackElo "2118"]
[PlyCount "77"]
[EventDate "2016.08.05"]
[EventType "swiss"]
[EventRounds "10"]
[EventCountry "CZE"]
[SourceTitle "CBM 173 Extra"]
[Source "ChessBase"]
[SourceDate "2016.08.29"]
[SourceVersion "1"]
[SourceVersionDate "2016.08.29"]
[SourceQuality "1"]

1. e4 c5 2. Nf3 d6 3. d4 cxd4 4. Nxd4 Nf6 5. f3 a6 6. c4 g6 7. Nc3 Bg7 8. Be3 0-0 9. Qd2 Nc6 10. Be2 Bd7 11. 0-0 Qa5 12. a3 Rfc8 13. b4 Qd8 14. Rac1 h5 15. Rfd1 Kh7 16. h3 Nxd4 17. Bxd4 Bh6 18. Be3 Bxe3+ 19. Qxe3 Qc7 20. g4 Be6 21. Nd5 Bxd5 22. exd5 Re8 23. Qf4 hxg4 24. hxg4 Kg7 25. Qd4 Kg8 26. g5 Nh5 27. f4 e5 28. dxe6 Rxe6 29. Bg4 Ng3 30. Kg2 Ne2 31. Bxe2 Rxe2+ 32. Kf1 Rae8 33. Re1 R8e4 34. Qxe4 Rxe4 35. Rxe4 Qd7 36. Rc3 d5 37. Rd4 Qc7 38. Rc1 Qd7 39. Kg1 1/2-1/2

[Event "Stare Mesto op"]
[Site "Stare Mesto"]
[Date "2016.08.09"]
[Round "6"]
[White "Zpevak, Pavel"]
[Black "Cip, Dalibor"]
[Result "0-1"]
[WhiteElo "2349"]
[BlackElo "2118"]
[PlyCount "79"]
[EventDate "2016.08.05"]
[EventType "swiss"]
[EventRounds "10"]
[EventCountry "CZE"]
[SourceTitle "CBM 173 Extra"]
[Source "ChessBase"]
[SourceDate "2016.08.29"]
[SourceVersion "1"]
[SourceVersionDate "2016.08.29"]
[SourceQuality "1"]

1. c4 e5 2. Nc3 Nf6 3. g3 d5 4. cxd5 Nxd5 5. Bg2 Nb6 6. Nf3 Nc6 7. d3 Be7 8. 0-0 0-0 9. a3 Re8 10. b4 Bf8 11. Bb2 Be6 12. Rc1 f6 13. Ne4 Qd7 14. Qc2 Rac8 15. Rfe1 Red8 16. Ned2 Qf7 17. Nh4 Nd5 18. Nhf3 a6 19. Nc4 Nb6 20. Nfd2 Bd5 21. Nxb6 cxb6 22. Bxd5 Qxd5 23. Qb3 Qxb3 24. Nxb3 Kf7 25. Rc2 Ke6 26. Rec1 Bd6 27. Kf1 h5 28. e4 g6 29. Ke2 f5 30. f3 Rf8 31. d4 fxe4 32. fxe4 exd4 33. Bxd4 b5 34. Be3 Rf7 35. Rd1 Bf8 36. Bc5 Be7 37. Bxe7 Kxe7 38. Rcd2 Ne5 39. Nc5 Rc7 40. Ra1 0-1

[Event "Stare Mesto op"]
[Site "Stare Mesto"]
[Date "2015.08.19"]
[Round "7"]
[White "Kunc, Miroslav"]
[Black "Cip, Dalibor"]
[Result "1-0"]
[WhiteElo "1586"]
[BlackElo "2143"]
[PlyCount "65"]
[EventDate "2015.08.14"]
[EventType "swiss"]
[EventRounds "10"]
[EventCountry "CZE"]
[SourceTitle "EXT 2016"]
[Source "ChessBase"]
[SourceDate "2015.10.08"]
[SourceVersion "1"]
[SourceVersionDate "2015.10.08"]
[SourceQuality "1"]

1. d4 Nf6 2. c4 c5 3. e3 g6 4. Nf3 Bg7 5. Bd3 0-0 6. 0-0 cxd4 7. exd4 d5 8. Qe2 Nc6 9. Be3 Nb4 10. Ne5 Nxd3 11. Qxd3 dxc4 12. Qxc4 Be6 13. Qb5 b6 14. Nc3 a6 15. Qe2 Nd5 16. Bd2 Nxc3 17. bxc3 Qd6 18. Bf4 Qd5 19. Rfd1 b5 20. a4 Rfc8 21. axb5 axb5 22. Rab1 Ra2 23. Qxb5 Qxb5 24. Rxb5 f6 25. Nd3 Rxc3 26. h3 Bc4 27. Rb8+ Kf7 28. Nc5 f5 29. Rb7 Ke8 30. Rdb1 Bf6 31. d5 e5 32. Bg5 Bxg5 33. Ne6 1-0

[Event "CZE-chT2E 1415"]
[Site "Czech Republic"]
[Date "2015.01.25"]
[Round "6.2"]
[White "Bazant, Petr Sr"]
[Black "Cip, Dalibor"]
[Result "1/2-1/2"]
[WhiteElo "2248"]
[BlackElo "2145"]
[PlyCount "142"]
[EventDate "2014.11.02"]
[EventType "team-tourn"]
[EventRounds "11"]
[EventCountry "CZE"]
[SourceTitle "EXT 2022"]
[Source "ChessBase"]
[SourceDate "2021.10.06"]
[SourceVersion "1"]
[SourceVersionDate "2021.10.06"]
[SourceQuality "1"]
[WhiteTeam "Stare Mesto II"]
[BlackTeam "Orechov"]
[WhiteTeamCountry "CZE"]
[BlackTeamCountry "CZE"]

1. d4 Nf6 2. c4 e6 3. Nf3 d5 4. Nc3 c5 5. e3 Nc6 6. a3 a6 7. dxc5 Bxc5 8. b4 Bd6 9. Bb2 0-0 10. Rc1 dxc4 11. Bxc4 Qe7 12. 0-0 Rd8 13. Qc2 Bd7 14. Ne4 Nxe4 15. Qxe4 Rac8 16. Rfd1 Bb8 17. Qg4 e5 18. Qg5 Qxg5 19. Nxg5 Be8 20. Bb3 Rxd1+ 21. Rxd1 Rd8 22. Rxd8 Nxd8 23. Nf3 Nc6 24. Bd5 Kf8 25. Ng5 h6 26. Ne4 b6 27. Bc4 b5 28. Bd5 a5 29. Nc3 axb4 30. Nxb5 Ke7 31. Bc4 Na5 32. Be2 bxa3 33. Bxa3+ Kf6 34. Bb4 Nc6 35. Bc3 Ke7 36. Bb2 Bd7 37. Nc3 Be6 38. Bf3 Nd8 39. Ne4 f6 40. Ba3+ Kf7 41. h3 Bd7 42. Nc3 Bc6 43. Be2 Bd7 44. Bc5 Nb7 45. Bb6 Bd6 46. Bc4+ Be6 47. Ba6 Nc5 48. Be2 Nd7 49. Ba5 f5 50. Nb5 Be7 51. Bc7 Bf6 52. Nd6+ Ke7 53. e4 g6 54. Nc8+ Kf7 55. Nd6+ Ke7 56. Nc8+ Kf7 57. Nd6+ Kf8 58. Bd3 f4 59. Bc4 Nc5 60. Bxe6 Nxe6 61. Bb6 Ke7 62. Nb5 Ng5 63. f3 Nf7 64. Bc5+ Ke6 65. Nc7+ Kd7 66. Nd5 Bd8 67. Kf1 h5 68. Ke2 Ke6 69. Bb4 Nd6 70. Kd3 Ne8 71. Kc4 Nf6 1/2-1/2

[Event "CZE-chT2E 1415"]
[Site "Czech Republic"]
[Date "2015.01.11"]
[Round "5.2"]
[White "Cip, Dalibor"]
[Black "Vyskocil, Neklan"]
[Result "1-0"]
[WhiteElo "2145"]
[BlackElo "2422"]
[PlyCount "77"]
[EventDate "2014.11.02"]
[EventType "team-tourn"]
[EventRounds "11"]
[EventCountry "CZE"]
[SourceTitle "EXT 2022"]
[Source "ChessBase"]
[SourceDate "2021.10.06"]
[SourceVersion "1"]
[SourceVersionDate "2021.10.06"]
[SourceQuality "1"]
[WhiteTeam "Orechov"]
[BlackTeam "Brno Moravska Slavia"]
[WhiteTeamCountry "CZE"]
[BlackTeamCountry "CZE"]

1. Nf3 d5 2. d4 Nf6 3. c4 dxc4 4. e3 e6 5. Bxc4 c5 6. 0-0 Qc7 7. Qe2 a6 8. Bb3 Nc6 9. Rd1 Bd6 10. Nc3 0-0 11. h3 Bd7 12. dxc5 Bxc5 13. e4 e5 14. Bg5 Be6 15. Nd5 Bxd5 16. exd5 Na5 17. Bxf6 gxf6 18. Bc2 Rfc8 19. Bf5 Rd8 20. Qe4 Qb6 21. Bxh7+ Kf8 22. Rd2 Rac8 23. b3 Bd6 24. Bf5 Rc3 25. Rc2 Rxc2 26. Qxc2 Qc5 27. Qd2 Ke7 28. Rc1 Qa3 29. Rc2 b6 30. Bg4 Rh8 31. Qe2 Nb7 32. Nd4 Bc5 33. Nf5+ Kd8 34. Qf3 Qb4 35. d6 e4 36. Qe2 Bxd6 37. Rc4 Qa5 38. Qd1 Qe5 39. Nxd6 1-0

[Event "CZE-chT2E 1415"]
[Site "Czech Republic"]
[Date "2014.12.14"]
[Round "4.2"]
[White "Markovic, Ivan1111"]
[Black "Cip, Dalibor"]
[Result "1/2-1/2"]
[WhiteElo "2137"]
[BlackElo "2145"]
[PlyCount "136"]
[EventDate "2014.11.02"]
[EventType "team-tourn"]
[EventRounds "11"]
[EventCountry "CZE"]
[SourceTitle "EXT 2022"]
[Source "ChessBase"]
[SourceDate "2021.10.06"]
[SourceVersion "1"]
[SourceVersionDate "2021.10.06"]
[SourceQuality "1"]
[WhiteTeam "Hustopece"]
[BlackTeam "Orechov"]
[WhiteTeamCountry "CZE"]
[BlackTeamCountry "CZE"]

1. e4 c5 2. Nf3 d6 3. d4 cxd4 4. Nxd4 Nf6 5. Nc3 a6 6. Bc4 e6 7. 0-0 Be7 8. Bb3 0-0 9. Be3 Nbd7 10. f3 Nc5 11. Qd2 Bd7 12. a4 Nxb3 13. Nxb3 Bc6 14. a5 Rc8 15. Na4 Bxa4 16. Rxa4 Qc7 17. c3 d5 18. Bg5 dxe4 19. Bxf6 Bxf6 20. Rxe4 Rcd8 21. Qe2 Rd7 22. Qc4 Qb8 23. g3 Rc8 24. Qe2 Qc7 25. Rd1 Rcd8 26. Rxd7 Rxd7 27. Kg2 h6 28. Qc2 Qc6 29. Re2 Qb5 30. Re4 Bd8 31. Rb4 Qc6 32. Qe4 Qxe4 33. fxe4 Be7 34. Rd4 Rc7 35. Kf3 Kf8 36. Ke2 Ke8 37. Kd3 Bf6 38. Rc4 Rd7+ 39. Ke2 Be5 40. Nd4 Rc7 41. Rxc7 Bxc7 42. b4 Kd7 43. Kd3 h5 44. Nf3 f6 45. e5 f5 46. Kd4 Bd8 47. h4 b6 48. b5 bxa5 49. bxa6 Kc6 50. Kc4 Kb6 51. Nd4 f4 52. gxf4 Bxh4 53. Nxe6 Bg3 54. Nxg7 Bxf4 55. e6 Bg5 56. Nxh5 Kxa6 57. Ng7 Kb6 58. Nf5 Kc6 59. Kb3 Bf6 60. e7 Kd7 61. c4 Bxe7 62. Nxe7 Kxe7 63. Ka4 Kd6 64. Kb5 a4 65. c5+ Kd5 66. c6 a3 67. c7 a2 68. c8Q a1Q 1/2-1/2

[Event "CZE-chT2E 1415"]
[Site "Czech Republic"]
[Date "2014.11.02"]
[Round "1.2"]
[White "Kratochvil, Josef"]
[Black "Cip, Dalibor"]
[Result "1-0"]
[WhiteElo "2236"]
[BlackElo "2145"]
[PlyCount "103"]
[EventDate "2014.11.02"]
[EventType "team-tourn"]
[EventRounds "11"]
[EventCountry "CZE"]
[SourceTitle "EXT 2022"]
[Source "ChessBase"]
[SourceDate "2021.10.06"]
[SourceVersion "1"]
[SourceVersionDate "2021.10.06"]
[SourceQuality "1"]
[WhiteTeam "Lipovec Garde"]
[BlackTeam "Orechov"]
[WhiteTeamCountry "CZE"]
[BlackTeamCountry "CZE"]

1. d4 Nf6 2. c4 e6 3. Nc3 Bb4 4. Qc2 0-0 5. a3 Bxc3+ 6. Qxc3 b6 7. Nf3 Bb7 8. e3 d6 9. Be2 Nbd7 10. b4 c5 11. dxc5 bxc5 12. Bb2 Qe7 13. 0-0 Rfd8 14. Rfd1 Rac8 15. Rac1 h6 16. h3 e5 17. b5 Ba8 18. a4 Ne4 19. Qc2 Qe6 20. Nd2 Ng5 21. Bg4 Qe7 22. Re1 Ne6 23. Bf3 Bxf3 24. Nxf3 Nf6 25. Red1 Ng5 26. Nxg5 hxg5 27. Rd2 g4 28. h4 Qe6 29. Rcd1 g3 30. fxg3 Ng4 31. Re2 Qh6 32. Qe4 f5 33. Qd5+ Kh8 34. Bc1 Nf6 35. Qf3 Ne4 36. Rc2 Qg6 37. Kh2 Nf6 38. Ra2 Ng4+ 39. Kg1 Qe6 40. Rc2 e4 41. Qf4 Ne5 42. Rd5 Kg8 43. g4 fxg4 44. Qxe4 Rf8 45. Bb2 Qf6 46. Bxe5 dxe5 47. Qxg4 Qf1+ 48. Kh2 Qe1 49. Rd7 Rf7 50. Rxf7 Kxf7 51. Qxc8 Qxh4+ 52. Qh3 1-0

[Event "Liberec op 14th"]
[Site "Liberec"]
[Date "2013.10.28"]
[Round "4"]
[White "Kaderabek, Jiri"]
[Black "Cip, Dalibor"]
[Result "0-1"]
[WhiteElo "2173"]
[BlackElo "2088"]
[PlyCount "78"]
[EventDate "2013.10.26"]
[EventType "swiss"]
[EventRounds "9"]
[EventCountry "CZE"]
[SourceTitle "EXT 2014"]
[Source "ChessBase"]
[SourceDate "2013.11.20"]
[SourceVersion "1"]
[SourceVersionDate "2013.11.20"]
[SourceQuality "1"]

1. e4 c5 2. Nf3 d6 3. d4 cxd4 4. Nxd4 Nf6 5. Nc3 a6 6. Bc4 e6 7. Bb3 Be7 8. 0-0 0-0 9. Be3 Nbd7 10. f3 Nc5 11. Na4 Qc7 12. Ne2 Nxa4 13. Bxa4 d5 14. exd5 Nxd5 15. Bf2 Rd8 16. Qc1 h6 17. Ng3 b5 18. Bb3 Bb7 19. Qe1 a5 20. c3 a4 21. Bxd5 Bxd5 22. Bd4 Bc4 23. Rf2 Bc5 24. Rd2 Bxd4+ 25. Rxd4 Rxd4 26. cxd4 Rd8 27. Qc3 Qb6 28. b3 axb3 29. axb3 Bxb3 30. Qc5 Qd6 31. Ra8 Kh7 32. Rxd8 Qxd8 33. Ne4 Bc4 34. Kf2 Qh4+ 35. Ke3 f5 36. g3 Qxh2 37. Nf6+ Kg6 38. Nd7 Qe2+ 39. Kf4 Kh5 0-1

[Event "Stare Mesto op"]
[Site "Stare Mesto"]
[Date "2013.08.15"]
[Round "8"]
[White "Holman, Radek"]
[Black "Cip, Dalibor"]
[Result "1-0"]
[WhiteElo "1911"]
[BlackElo "2103"]
[PlyCount "111"]
[EventDate "2013.08.09"]
[EventType "swiss"]
[EventRounds "10"]
[EventCountry "CZE"]
[SourceTitle "CBM 155 Extra"]
[Source "ChessBase"]
[SourceDate "2013.08.26"]
[SourceVersion "1"]
[SourceVersionDate "2013.08.26"]
[SourceQuality "1"]

1. d4 c5 2. Nf3 cxd4 3. Nxd4 g6 4. e4 Bg7 5. c4 Nc6 6. Be3 Nf6 7. Nc3 Ng4 8. Qxg4 Nxd4 9. Qd1 Ne6 10. Rc1 Qa5 11. a3 0-0 12. Be2 d6 13. 0-0 Bd7 14. Qd2 Bc6 15. f3 Rfc8 16. Rfd1 a6 17. Rc2 b5 18. Nd5 Qxd2 19. Rdxd2 Bxd5 20. exd5 Nc7 21. c5 dxc5 22. Rxc5 Ne8 23. b4 Nd6 24. Rdc2 Rd8 25. g4 a5 26. Rc7 axb4 27. axb4 Ne8 28. Rxe7 Rxd5 29. Bc5 Nd6 30. Rd7 Bd4+ 31. Kg2 Bxc5 32. bxc5 Nc4 33. Rxd5 Ne3+ 34. Kg3 Nxd5 35. Bxb5 Ra5 36. Bd7 Kf8 37. c6 Nc7 38. Rb2 Ke7 39. Rb8 h5 40. h4 hxg4 41. fxg4 Ra3+ 42. Kf4 Ra5 43. Rc8 Nd5+ 44. Kf3 Ra3+ 45. Ke2 Kd6 46. h5 gxh5 47. gxh5 Ra2+ 48. Kf3 Ra3+ 49. Kf2 Rc3 50. h6 Rc2+ 51. Kg3 Rc3+ 52. Kh4 Ne7 53. Ra8 Rc4+ 54. Kg5 Ng6 55. Kf6 Ne5 56. h7 1-0